Supplementary report - Transport and Road Research Laboratory (Record no. 547788)
[ view plain ]
| 000 -LEADER | |
|---|---|
| fixed length control field | 00857cas a2200217K 4500 |
| 022 ## - INTERNATIONAL STANDARD SERIAL NUMBER | |
| International Standard Serial Number | 0305-1315 |
| 082 04 - DEWEY DECIMAL CLASSIFICATION NUMBER | |
| Classification number | 625.85 |
| Author Mark | HIT |
| 110 2# - MAIN ENTRY--CORPORATE NAME | |
| Corporate name or jurisdiction name as entry element | Transport and Road Research Laboratory. |
| 9 (RLIN) | 38147 |
| 245 10 - TITLE STATEMENT | |
| Title | Supplementary report - Transport and Road Research Laboratory |
| 260 ## - PUBLICATION, DISTRIBUTION, ETC. | |
| Place of publication, distribution, etc. | Crowthorne, Berkshire, |
| Name of publisher, distributor, etc. | Overseas Unit, Transport and Road Research Laboratory. |
| 300 ## - PHYSICAL DESCRIPTION | |
| Extent | v. |
| Other physical details | ill. |
| Dimensions | 30 cm. |
| 500 ## - GENERAL NOTE | |
| General note | Description based on print version record. |
| 500 ## - GENERAL NOTE | |
| General note | eContent provider-neutral record in process. |
| 526 ## - STUDY PROGRAM INFORMATION NOTE | |
| Program name | 0 |
| Interest level | 0 |
| Reading level | 0 |
| Title point value | 625_850000000000000_HIT |
| 650 #0 - SUBJECT ADDED ENTRY--TOPICAL TERM | |
| Topical term or geographic name entry element | Highway research |
| Geographic subdivision | Great Britain. |
| 9 (RLIN) | 43912 |
| 650 #0 - SUBJECT ADDED ENTRY--TOPICAL TERM | |
| Topical term or geographic name entry element | MCE |
| 9 (RLIN) | 379 |
| 650 #0 - SUBJECT ADDED ENTRY--TOPICAL TERM | |
| Topical term or geographic name entry element | Transportation |
| General subdivision | Research |
| Geographic subdivision | Great Britain. |
| 9 (RLIN) | 43913 |
| 710 22 - ADDED ENTRY--CORPORATE NAME | |
| Corporate name or jurisdiction name as entry element | Transport and Road Research Laboratory. |
| 9 (RLIN) | 38147 |
| 856 40 - ELECTRONIC LOCATION AND ACCESS | |
| Uniform Resource Identifier | <a href="http://catalog.hathitrust.org/api/volumes/oclc/2828322.html">http://catalog.hathitrust.org/api/volumes/oclc/2828322.html</a> |
| 942 ## - ADDED ENTRY ELEMENTS (KOHA) | |
| Source of classification or shelving scheme | |
| Koha item type | Book |
| Withdrawn status | Lost status | Source of classification or shelving scheme | Damaged status | Not for loan | Permanent Location | Current Location | Date acquired | Total Checkouts | Full call number | Barcode | Date last seen | Price effective from | Koha item type |
|---|---|---|---|---|---|---|---|---|---|---|---|---|---|
| Military College of Engineering (MCE) | Military College of Engineering (MCE) | 08/06/2014 | 625.85 HIT | MCE-43206 | 08/06/2014 | 08/06/2014 | Book |
